Pokémon - Les attaques de Hélédelle - Statistiques

Statistiques générales
  • Ce quiz a été pris 24 fois
  • Le résultat moyen est 8 sur 14
Statistiques - réponses
Niveaux Types Noms des attaques % Correct
Départ Vol Picpic
100%
Départ Normal Rugissement
88%
Niveau 21 Vol Aéropique
81%
Niveau 13 Vol Cru-Aile
81%
Niveau 33 Psy Hâte
63%
Départ Niveau 9 Normal Vive-Attaque
63%
Départ Niveau 39 Vol Lame d'Air
56%
Départ Niveau 51 Vol Rapace
56%
Niveau 57 Combat Contre
38%
Niveau 45 Normal Effort
38%
Départ Vol Picore
38%
Niveau 27 Combat Prévention
38%
Niveau 17 Normal Reflet
25%
Départ Niveau 5 Normal Puissance
19%
Aucun quiz correspondant
Distribution des résultats
% des personnes avec chaque résultat
Percentile par nombre de réponses
Votre historique - résultats
Vous n’avez pas pris ce quiz